| 000 | 00962naa a22001811i 4500 | ||
|---|---|---|---|
| 001 | 9589 | ||
| 003 | KOSZ 005 | ||
| 005 | 20180426135527.0 | ||
| 008 | 151217s2003 pl f | |100 0 pol d | ||
| 040 | _cKOSZ 005/ac | ||
| 100 | 1 |
_aSKRZYPNIAK, Roksana - doktorant. _bPolitechnika Koszalińska - Wydział Elektroniki, _cKatedra Telekomunikacji |
|
| 245 | 1 | 0 |
_aZastosowanie prognozowania szeregów czasowych metodą wyrównania wykładniczego z zastosowaniem programów STATISTICA dla potrzeb gospodarki / _cRoksana Skrzypniak. |
| 650 | 0 | _aSzeregi czasowe. | |
| 655 | 0 | _aMateriały konferencyjne. | |
| 711 | 2 | 2 |
_aKrajowa Konferencja Studentów i Młodych Pracowników Nauki _n(1 ; _d2003 ; _cKoszalin, Polska). |
| 773 | 0 |
_iW : _tXXI Wiek z Erą Elektroniki i Teleinformatyki : I Krajowa Konferencja Naukowa Studentów i Młodych Pracowników Nauki. - _dKoszalin : Wydaw. Uczelniane Politechniki Koszalińskiej, 2003. - _gs. 55-62 |
|
| 942 |
_cROZ _2UKD |
||
| 999 |
_c9589 _d9589 |
||